000 00651nam a2200181 a 4500
001 000047066
005 20201002053330.0
008 180412s2004 dr a 000 0 spa d
040 _aDO-SdBNP
_bspa
_cBNPHU
082 _axxxx
_bS594v
100 1 _aSimón Consuegra, José Miguel
_951487
245 1 0 _aValores y civismo 7mo. grado :
_b7mo. grado /
_cJosé Miguel Simón Consuegra, Margarita Hernández Tejada; ilustración Werner Olmos.
260 _aSanto Domingo :
_bSusaeta,
_c[20--?].
300 _a144p. :
_bil. ;
_c26 cm.
590 _aInventariado, 2018/MFF
700 1 _aHernández Tejada, Margarita
_950027
700 1 _aOlmos, Werner
_eil.
_949236
999 _c46554
_d46554